00457cam a2200181ua 4500001000400000008003900004020001800043020001800061040000900079082001300088245004100101250000900142260004400151300002200195653001500217653002600232700001700258169110707n ii |||gr||||Z||||||eng a81-7033-196-4 a81-7033-197-8 cMAIN a301.0954 aIndian social system.cBy Ram Ahuja. a1st. aNew Delhi.:bRawat publication.,c2007. axiv, 458 p.:5 cm. aSociology. aIndian social system. aAhuja, Ram.,